1792 1591 1995 1704 1352 1341 1460 1642 1056 1576 1042 1070 1932 1898 1054 1022 1684 1720 1056 1544 1707 1403 1064 1659 1809 1123 1180 1674 1927 1787 1756 1828 1422 1118 1973 1887 1548 1846 1334 1734 1740 1995 1051 1032 1239 1960 1628 1435 1335 1529 1216 1987 1706 1378 1337 1182 1969 1998 1846 1999 1849 1079 1746 1527 1069 1389 1472 1051 1207 1217 1540 1622 1577 1529 1649 1506 1485 1975 1101 1312 1558 1457 1076 1207 1937 1830 1824 1986 1070 1823 1040 1216 1916 1757 1694 1187 1771 1281 1151 BCNSPRNW ULIB Ver.6.0+V

เปลี่ยนเป็นภาษาไทย

Change to English
 แสดงรายละเอียดบรรณานุกรม
  กลับหน้าหลัก

Brief Record : Get Marc (ISO 2709) : E-mail record : QR code < ปิดหน้าต่าง
LEADER : 00000nam 2200000uu 4500
001    13399128889
003     ULIB
008    241024s2023||||th 000 0 tha d
020    ^a9780323827973
060 04 ^aQV4^bS938
245 10 ^aStudy guide for Pharmacology and the nursing process,sixth edition, Linda Lane Lilley ... /^cstudy guideprepared by Julie S. Snyder : study skills by DianeSavoca.
250    ^a10th ed.
260    ^aSt. Louis, Mo. :^bMosby/Elsevier,^c2023
300    ^aiv, 939 p. ;^c28 cm.
650  2 ^aDrugs
650  2 ^aDrug Therapy^xNurses Instruction
650  2 ^aNursing.
650  2 ^aPharmacology
650  2 ^aPharmacology^xExamination Questions
650  2 ^aPharmaceutical Preparations^xadministration & dosage^xNurses Instruction
700 1  ^aLilley, Linda Lane
700 1  ^aSnyder, Julie S
700 1  ^aSavoca, Diane
700 1  ^aLilley, Linda Lane^tPharmacology and the nursing process.
945    ^p3697^l0^i011136
999    ^aประนอม เกษจรัล
รายการนี้ยังไม่มีแท็ก
คุณยังไม่ได้ล็อกอิน คุณสามารถมีกิจกรรมร่วมกับเว็บไซต์ได้ แต่ต้องล็อกอินก่อน ::
  ล็อกอิน

รายการสื่อสารสนเทศ

ลำดับที่ ประเภท เลขเรียก/บาร์โค้ด สถานที่ สถานะ
1. วิทยาศาสตร์การแพทย์ และสุขภาพ
หนังสือสำรอง
สถานะ=หนังสือสำรอง
QV4 S938 ฉ.1 
  Barcode: 011136
ห้องสมุดวิทยาเขตสวรรค์ประชารักษ์
►หนังสือทั่วไป
บนชั้น

รายการใกล้เคียง
    หัวเรื่อง [Drugs]
    หัวเรื่อง [Nursing.]
    หัวเรื่อง [Pharmacology]

BibComment


ยังไม่เคยถูกคอมเมนท์

คอมเมนท์ทรัพยากรรายการนี้
  คอมเมนท์: Study guide for ..


 Copyright 2026. Bcnsprnw @Library